[Event "GER-ch U10"]
[Site "Willingen"]
[Date "2023.06.02"]
[Round "10"]
[White "Moskalenko, Michael"]
[Black "Simon, Levi Paul"]
[Result "1-0"]
[WhiteElo "1243"]
[BlackElo "1297"]
[PlyCount "89"]
[EventDate "2023.05.27"]
[EventType "swiss"]
[EventRounds "11"]
[EventCountry "GER"]
[SourceTitle "CBM 214 Extra"]
[Source "ChessBase"]
[SourceDate "2023.07.31"]
[SourceVersion "1"]
[SourceVersionDate "2023.07.31"]
[SourceQuality "1"]

1. d4 d5 2. c4 e6 3. Nf3 Nf6 4. Nc3 c6 5. cxd5 cxd5 6. Bg5 Nc6 7. e3 h6 8. Bh4 Bd7 9. Bb5 a6 10. Bxc6 bxc6 11. Ne5 c5 12. dxc5 Bxc5 13. 0-0 Be7 14. Rc1 0-0 15. f4 Ne8 16. Bxe7 Qxe7 17. Rf3 Rb8 18. b3 Nd6 19. Ne2 Rfc8 20. Nd4 Ne4 21. Ndc6 Bxc6 22. Nxc6 Qc7 23. Rf1 Ra8 24. Rc2 Qb7 25. Qc1 Nd6 26. Rd1 Kh7 27. Qb1 Kh8 28. Rdc1 Ne4 29. Qb2 Kg8 30. Ne7+ Qxe7 31. Rxc8+ Rxc8 32. Rxc8+ Kh7 33. Qc2 Qa7 34. Qd3 g6 35. Qd4 Qxd4 36. exd4 Nd6 37. Rc6 Nb5 38. Rxa6 Nxd4 39. b4 Kg7 40. a4 Ne2+ 41. Kf2 Nxf4 42. b5 Nd3+ 43. Kf1 Kf6 44. b6 Nc5 45. Ra5 1-0

[Event "GER-ch U10"]
[Site "Willingen"]
[Date "2023.06.01"]
[Round "8"]
[White "Schmidt, Jossip"]
[Black "Simon, Levi Paul"]
[Result "1-0"]
[WhiteElo "1276"]
[BlackElo "1297"]
[PlyCount "47"]
[EventDate "2023.05.27"]
[EventType "swiss"]
[EventRounds "11"]
[EventCountry "GER"]
[SourceTitle "CBM 214 Extra"]
[Source "ChessBase"]
[SourceDate "2023.07.31"]
[SourceVersion "1"]
[SourceVersionDate "2023.07.31"]
[SourceQuality "1"]

1. d4 d5 2. Nf3 Nf6 3. e3 c5 4. b3 e6 5. Bb2 Be7 6. Nbd2 0-0 7. Bd3 b6 8. 0-0 Bb7 9. Ne5 Nc6 10. a3 Qc7 11. f4 Nd7 12. Qh5 Nf6 13. Qh3 h6 14. g4 Nd7 15. g5 f6 16. Ng6 Rf7 17. gxh6 gxh6 18. Qxh6 Rg7 19. Kf2 f5 20. dxc5 Rh7 21. Nxe7+ Nxe7 22. Qxe6+ Rf7 23. Qh6 Rh7 24. Rg1+ 1-0

[Event "GER-ch U10"]
[Site "Willingen"]
[Date "2023.05.31"]
[Round "6"]
[White "Ziem, Ole"]
[Black "Simon, Levi Paul"]
[Result "1-0"]
[WhiteElo "1312"]
[BlackElo "1297"]
[PlyCount "53"]
[EventDate "2023.05.27"]
[EventType "swiss"]
[EventRounds "11"]
[EventCountry "GER"]
[SourceTitle "CBM 214 Extra"]
[Source "ChessBase"]
[SourceDate "2023.07.31"]
[SourceVersion "1"]
[SourceVersionDate "2023.07.31"]
[SourceQuality "1"]

1. e4 e5 2. Nf3 Nf6 3. Nxe5 d6 4. Nf3 Nxe4 5. d4 d5 6. Bd3 Nc6 7. 0-0 Be7 8. c4 Nb4 9. cxd5 Nxd3 10. Qxd3 Qxd5 11. Re1 Bf5 12. g4 Bg6 13. Nc3 Nxc3 14. Qxc3 Qd6 15. Qe3 Rd8 16. Bd2 f6 17. Nh4 Kf7 18. a3 Rhe8 19. Bb4 Qd7 20. Qb3+ Qd5 21. Qg3 Bxb4 22. axb4 Rxe1+ 23. Rxe1 Qxd4 24. Qxc7+ Rd7 25. Qc8 Qxg4+ 26. Ng2 Be4 27. Qc4+ 1-0

[Event "GER-ch U10"]
[Site "Willingen"]
[Date "2023.05.29"]
[Round "3"]
[White "Simon, Levi Paul"]
[Black "Ishcenko, Volodymyr"]
[Result "1/2-1/2"]
[WhiteElo "1297"]
[BlackElo "1220"]
[PlyCount "111"]
[EventDate "2023.05.27"]
[EventType "swiss"]
[EventRounds "11"]
[EventCountry "GER"]
[SourceTitle "CBM 214 Extra"]
[Source "ChessBase"]
[SourceDate "2023.07.31"]
[SourceVersion "1"]
[SourceVersionDate "2023.07.31"]
[SourceQuality "1"]

1. d4 d5 2. c4 e6 3. Nc3 Nf6 4. Nf3 Be7 5. Bg5 h6 6. Bh4 0-0 7. Rc1 c5 8. e3 dxc4 9. Bxc4 cxd4 10. Nxd4 Nc6 11. Nxc6 Qxd1+ 12. Rxd1 bxc6 13. 0-0 Bb7 14. Bxf6 Bxf6 15. Ne4 Rfd8 16. b3 Be7 17. Be2 Bb4 18. Bf3 Ba6 19. Rxd8+ Rxd8 20. Rc1 Bd3 21. Rd1 Ba5 22. Nc5 Bg6 23. Rxd8+ Bxd8 24. Bxc6 Bb1 25. a3 Bb6 26. Na4 Bd8 27. Nc3 Bc2 28. Nb5 Bb6 29. b4 a5 30. Nd4 Bd3 31. b5 Kf8 32. f3 e5 33. Nb3 a4 34. Na1 Bxe3+ 35. Kh1 Bd4 36. b6 Bxb6 37. Bxa4 Bc5 38. Nc2 Bxc2 39. Bxc2 Bxa3 40. g4 g6 41. Kg2 Ke7 42. Kg3 Bc1 43. Kg2 Kd6 44. h3 Bf4 45. Be4 Ke6 46. Bc2 Kf6 47. Bb1 Kg5 48. Bc2 h5 49. Bb1 hxg4 50. hxg4 Be3 51. Kg3 f5 52. Kg2 fxg4 53. fxg4 Kxg4 54. Bxg6 Kf4 55. Bb1 e4 56. Bxe4 1/2-1/2